000 00606nam a22001937a 4500
003 DO-SdBNP
005 20220317104354.0
007 ta
008 220317b2018 ac||| |||| 00| 0 spa d
040 _aDO-SdBNP
_bspa
_cBNPHU
100 1 _aUceta, Yanky Antonio,
_d1965-
_981344
245 1 _aReseñas y vivencias guraberas /
_cYanky Antonio Uceta
260 _aSantiago, República Dominicana :
_bs.n. ;
_c2018.
300 _a353 p. :
_bil., retrs. ;
_c22 c.
590 _aInventariado, 2022/BT
590 _aLa biblioteca posee 3 libros autográfiado por el autor
910 _aBtavárez
942 _2ddc
_cLBS1
999 _c51434
_d51434